<?xml version="1.0" encoding="UTF-8"?>
<record
    xmlns:xsi="http://www.w3.org/2001/XMLSchema-instance"
    xsi:schemaLocation="http://www.loc.gov/MARC21/slim http://www.loc.gov/standards/marcxml/schema/MARC21slim.xsd"
    xmlns="http://www.loc.gov/MARC21/slim">

  <leader>01805nam a22002297a 4500</leader>
  <controlfield tag="003">IT-MiCISF</controlfield>
  <controlfield tag="005">20240716122224.0</controlfield>
  <controlfield tag="008">240716b        |||||||| |||| 00| 0 eng d</controlfield>
  <datafield tag="020" ind1=" " ind2=" ">
    <subfield code="a">9788865128565</subfield>
  </datafield>
  <datafield tag="040" ind1=" " ind2=" ">
    <subfield code="c">IT-MiCISF</subfield>
  </datafield>
  <datafield tag="041" ind1=" " ind2=" ">
    <subfield code="a">it</subfield>
  </datafield>
  <datafield tag="100" ind1=" " ind2=" ">
    <subfield code="a">De Santis Luca</subfield>
    <subfield code="9">60892</subfield>
  </datafield>
  <datafield tag="245" ind1=" " ind2=" ">
    <subfield code="a">----vuoto----</subfield>
    <subfield code="b">----vuoto----</subfield>
  </datafield>
  <datafield tag="260" ind1=" " ind2=" ">
    <subfield code="a">Venezia, </subfield>
    <subfield code="b">Marcianum Press,</subfield>
    <subfield code="c">2022</subfield>
  </datafield>
  <datafield tag="300" ind1=" " ind2=" ">
    <subfield code="a">pp. 143</subfield>
  </datafield>
  <datafield tag="500" ind1=" " ind2=" ">
    <subfield code="a">societ&#xE0;, pandemia, cambiamento, famiglia, filosofia, chiesa, politica</subfield>
  </datafield>
  <datafield tag="501" ind1=" " ind2=" ">
    <subfield code="a">Presentazione di Gianfranco Fabi</subfield>
  </datafield>
  <datafield tag="520" ind1=" " ind2=" ">
    <subfield code="a">L&#x2019;attuale pandemia non ha cambiato il mondo, ma ha avuto solo il &#x201C;merito&#x201D; di scoperchiare delle problematiche che erano gi&#xE0; presenti in societ&#xE0;, che gettano le radici negli albori del XX secolo e che ci portano a effettuare una riflessione dal punto di vista sia politico che ecclesiale.
Il libro si apre con una riflessione sul &#x2018;900 avvalendosi del contributo di pensatori quali Martin Heidegger, Romano Guardini e Jacques Ellul. La loro riflessione pone in evidenza il sorgere di quelle problematiche che nel nostro tempo sono divenute grandi problemi, coinvolgendo varie generazioni, sino a raggiungere i nostri giovani. La pandemia ci ha chiusi nei nostri &#x201C;bunker&#x201D;; ora che ne stiamo venendo fuori, che tipo di mondo troveremo? Ma, soprattutto, potremmo continuare lo stile di vita precedente? Si aprono cos&#xEC; delle piste di riflessione, che
l&#x2019;Autore attinge dal mondo universitario in cui ha lavorato in questi ultimi anni, dalla pastorale svolta in parrocchia e dall&#x2019;osservazione politica su cui ha riflettuto anche nelle sue precedenti pubblicazioni. &#xC8; un libro che ci interroga sul futuro che ci aspetta.

</subfield>
  </datafield>
  <datafield tag="650" ind1=" " ind2=" ">
    <subfield code="a">Societ&#xE0;</subfield>
  </datafield>
  <datafield tag="654" ind1=" " ind2=" ">
    <subfield code="a">saggio</subfield>
  </datafield>
  <datafield tag="942" ind1=" " ind2=" ">
    <subfield code="2">ddc</subfield>
    <subfield code="c">BK</subfield>
  </datafield>
  <datafield tag="999" ind1=" " ind2=" ">
    <subfield code="c">360199</subfield>
    <subfield code="d">360201</subfield>
  </datafield>
</record>
